Final report of the Rhode Island Committee on Women in the Courts : a report on gender bias.

Bibliographic Details
Corporate Author: Rhode Island. Committee on Women in the Courts
Format: Government Document Book
Language:English
Published: [Providence, R.I.] : The Committee, [1987]
Subjects:

MARC

Tag First Indicator Second Indicator Subfields
LEADER 00000cam a2200000ua 4500
001 in00001402544
005 20151020055425.0
008 910424s1987 riuk s000 0 eng d
019 |a 17295190  |a 22040838 
035 |a (OCoLC)23730859 
035 |9 AHN4423AM 
040 |a HVL  |c HVL  |d COT  |d RHO  |d TXA  |d UtOrBLW 
043 |a n-us-ri 
049 |a TXAM 
086 |a 39-C45s 6:G36  |2 ridocs 
090 |a KFR91.W6  |b R5 1987 
110 1 |a Rhode Island.  |b Committee on Women in the Courts. 
245 1 0 |a Final report of the Rhode Island Committee on Women in the Courts :  |b a report on gender bias. 
264 1 |a [Providence, R.I.] :  |b The Committee,  |c [1987] 
300 |a 1 volume (various pagings) :  |b forms ;  |c 28 cm. 
336 |a text  |b txt  |2 rdacontent 
337 |a unmediated  |b n  |2 rdamedia 
338 |a volume  |b nc  |2 rdacarrier 
500 |a "June, 1987." 
650 0 |a Courts  |z Rhode Island. 
650 0 |a Sex discrimination against women  |z Rhode Island. 
650 0 |a Justice, Administration of  |z Rhode Island. 
999 |a MARS 
999 f f |s 19d9d7ab-cd8c-3ee6-8454-910b5316f772  |i 2731a127-ac0b-3fcd-8ad3-8b8aa06c7aca  |t 0 
952 f f |p ric  |a Texas A&M University  |b Rellis Campus  |c Joint Library Facility  |d Remote Storage  |t 0  |e KFR91.W6 R5 1987  |h Library of Congress classification  |i unmediated -- volume  |m A14822136515 
998 f f |a KFR91.W6 R5 1987  |t 0  |l Remote Storage